Govt. of
Madhya Pradesh

महानायक सुभाषचन्‍द्र (Record no. 65104)

MARC details
000 -LEADER
fixed length control field 00345nam a2200109Ia 4500
008 - FIXED-LENGTH DATA ELEMENTS--GENERAL INFORMATION
fixed length control field 221009s9999 xx 000 0 und d
082 ## - DEWEY DECIMAL CLASSIFICATION NUMBER
Classification number 920/SHA
100 ## - MAIN ENTRY--PERSONAL NAME
Personal name शर्मा,राघव शरण
9 (RLIN) 78152
245 #0 - TITLE STATEMENT
Title महानायक सुभाषचन्‍द्र
260 ## - PUBLICATION, DISTRIBUTION, ETC. (IMPRINT)
Name of publisher, distributor, etc. साहित्‍य सरोवर
942 ## - ADDED ENTRY ELEMENTS (KOHA)
Koha item type Books

No items available.